Estadísticas para Países Aleatorios de Europa Secuencialmente en un Mapa

Haz click aquí para tomar la prueba!

Estadísticas generales

  • Esta prueba ha sido tomada 12.618 veces
    (10.201 desde el último reinicio)
  • La puntuación promedio es 36 de 45

Respuestas en el mapa

Las respuestas están codificadas por una escala verde-roja en el mapa de la prueba según el % correcto abajo.
 

Estadísticas de respuestas

País% Correcto
Alemania
81%
España
81%
Francia
81%
Irlanda
81%
Islandia
81%
Italia
81%
Noruega
81%
Portugal
81%
Reino Unido
81%
Rusia
81%
Andorra
80%
Bélgica
80%
Bielorrusia
80%
Ciudad del Vaticano
80%
Dinamarca
80%
Estonia
80%
Finlandia
80%
Grecia
80%
Luxemburgo
80%
Malta
80%
Países Bajos
80%
Polonia
80%
Suecia
80%
Suiza
80%
Ucrania
80%
Austria
79%
Bosnia y Herzegovina
79%
Bulgaria
79%
Croacia
79%
Letonia
79%
Lituania
79%
Mónaco
79%
República Checa
79%
Rumania
79%
San Marino
79%
Albania
78%
Eslovaquia
78%
Hungría
78%
Kosovo
78%
Liechtenstein
78%
Macedonia del Norte
78%
Moldavia
78%
Montenegro
78%
Serbia
78%
Eslovenia
77%

Distribución de puntuación

Porcentaje por número respondido

Porcentaje de gente con cada puntuación

Historial de tus puntuaciones

No has tomado esta prueba desde el último reinicio